| 000 | 00728nam a22002177a 4500 | ||
|---|---|---|---|
| 999 |
_c4271 _d4271 |
||
| 003 | AR-CdUCM | ||
| 008 | 190308b ||||| |||| 00| 0 spa d | ||
| 040 |
_aMUNICIPALIDAD PROVINCIAL DEL CUSCO _cBIBLIOTECA MUNICIPAL DEL CUSCO |
||
| 082 |
_a773.989 / _bD38 |
||
| 100 |
_aDelroisse _913505 |
||
| 245 | _aAsi es Chile / | ||
| 260 |
_aChile : _bDelroisse , _c1990. |
||
| 300 |
_a155 páginas ; _c27.2 cm. |
||
| 500 | _aEscrita en Español, Ingles y Frances. | ||
| 505 | _aIntroducción.-- Norte Grande.-- Norte Chico.-- Zona Sur.-- Zona Austral.-- Geografía.-- Historia... | ||
| 650 |
_aFotografia Chilena _913506 |
||
| 650 |
_aLatinoamerica _94398 |
||
| 650 |
_aCultura Chilena _913507 |
||
| 942 |
_2ddc _cLIBROS |
||
| 945 | _artm | ||